| 000 | 00431cam a2200181ua 4500 | ||
|---|---|---|---|
| 020 | _cRs. 12.60 | ||
| 041 |
_aeng _h |
||
| 082 |
_a362.11 _bBAR/PE |
||
| 100 | _aBarner, Elizabeth . | ||
| 245 | _aPeople in hospital | ||
| 250 |
_a1 / _b. |
||
| 260 |
_aMelbourne : _bMacMillan and Company Limited , _c1961. |
||
| 300 |
_a155 : _b` ; . |
||
| 365 | _aRs. 12.60 | ||
| 504 | _a | ||
| 942 | _cBK | ||
| 999 |
_c1739 _d1739 |
||